القانون رقم 12 لسنة 2003 بإصدار قانون العمل : (Record no. 28964)
[ view plain ]
| 000 -الفاتح | |
|---|---|
| حقل البيانات ثابتة الطول | 01599nam a22002895i 4500 |
| 003 - محدد رقم الضبط | |
| رقم الضبط | EG-ScBUE |
| 005 - وقت وتاريخ اخر تعامل مع التسجيلة | |
| رقم الضبط | 20201020094757.0 |
| 008 - عناصر البيانات ثابتة الطول - معلومات عامة | |
| حقل البيانات ثابتة الطول | 101013s2008 ua frl 000 0 ara d |
| 017 ## - رقم الإيداع القانونى | |
| رقم الإيداع القانونى | 2008 / 15652 |
| 040 ## - مصدر الفهرسة | |
| وكالة الفهرسة الأصلية | EG-ScBUE |
| لغة الفهرسة | ara |
| قواعد الوصف | rda |
| وكالة النسخ | EG-ScBUE |
| وكالة التعديل | EG-ScBUE |
| 043 ## - رمز المنطقة الجغرافية | |
| رمز المنطقة الجغرافية | f-ua--- |
| 082 04 - رقم تصنيف ديوى العشرى | |
| رقم التصنيف | 344.6201 |
| رقم المادة | ق ا ن |
| رقم الطبعة | 22 |
| 110 1# - المدخل الرئيسى - إسم هيئة | |
| اسم الهيئة أو اسم السلطة كمدخل | مصر. |
| 245 12 - بيان العنوان | |
| العنوان | القانون رقم 12 لسنة 2003 بإصدار قانون العمل : |
| بقية العنوان | متضمنا القرارات الوزارية المنفذة لأحكامه ومذكرته الإيضاحية وأحكام المحكمة الدستورية وفقا لأحدث التعديلات / |
| بيان المسئوليه,etc | إعداد ومراجعة أشرف الجوهري المنشاوي، المحامي بالاستئناف العالي ومجلس الدولة، محمد أحمد محمد جادو، المحامي بالنقض والإدارية العليا كبير باحثين (قانون)، مدير عام. |
| 250 ## - بيان الطبعة | |
| بيان الطبعة | الطبعة الخامسة عشرة. |
| 264 #1 - النشر، التوزيع | |
| مكان الناشر او الموزع | القاهرة : |
| اسم الناشر او الموزع | الهيئة العامة لشئون المطابع الأميرية، |
| تاريخ النشر أو التوزيع | 2008. |
| 300 ## - الوصف المادى | |
| التعداد | 862 صفحة ؛ |
| أبعاد الوعاء | 24 سم |
| 336 ## - نوع المحتوى | |
| Carrier Type Term | نص |
| Content Type Code | txt |
| source | rdacontent |
| 337 ## - نوع الوسيط | |
| Media Type Term | بدون وسيط |
| Media Type Code | n |
| source | rdamedia |
| 338 ## - نوع الحامل أو الناقل | |
| Carrier Type Term | مجلد |
| Carrier Type Code | nc |
| source | rdacarrier |
| 650 #7 - المدخل الاضافى بالموضوع-مصطلح موضوعى | |
| مصطلح موضوعي أو اسم جغرافي كعنصر مدخل | العمل والعمال |
| التقسيم الفرعي العام | قوانين وتشريعات |
| التقسيم الفرعي الجغرافي | مصر. |
| مصدر الرأس أو المصطلح | BUEsh |
| 9 (RLIN) | 10938 |
| 651 ## - المدخل الاضافى بالموضوع - اسم جغرافى | |
| مصدر الرأس أو المصطلح | BUEsh |
| 653 ## - مصطلح تكشيفى غير مقيد | |
| Resource For college | Law |
| Arrived date list | October2020 |
| 700 1# - المدخل الاضافى - اسم شخصى | |
| الإسم الشخصى | منشاوي ، أشرف الجوهري، |
| الدور | معد، |
| -- | مراجع. |
| 9 (RLIN) | 20356 |
| 700 1# - المدخل الاضافى - اسم شخصى | |
| الإسم الشخصى | جادو، محمد أحمد محمد، |
| الدور | معد، |
| -- | مراجع. |
| 9 (RLIN) | 20357 |
| 942 ## - عناصر المدخل الإضافي( كوها) | |
| مصدر التصنيف او مخطط الترفيف | Dewey Decimal Classification |
| حالة التراجع | حالة الفقد | مصدر التصنيف او خطة الترفيف | حالة تلف | ليس للاعارة | مجموعات كوها | المكان الدائم | المكان الحالي | موقع الترفيف | تاريخ الاكتساب | Source of acquisition | رقم الاستدعاء | الباركود | Date last seen | نوع الوعاء |
|---|---|---|---|---|---|---|---|---|---|---|---|---|---|---|
| Dewey Decimal Classification | Baccah | Central Library | Central Library | First floor | 20/10/2020 | Purchase | 344.6201 ق ا ن | 000049890 | 15/07/2025 | Book - Borrowing |